|
|
|
|
| LEADER |
00000naa2a2200000 4500 |
| 001 |
615340 |
| 005 |
20240218122215.0 |
| 035 |
|
|
|a (RuTPU)RU\TPU\conf\13539
|
| 035 |
|
|
|a RU\TPU\conf\13538
|
| 090 |
|
|
|a 615340
|
| 100 |
|
|
|a 20151105d2015 k y0rusy50 ba
|
| 101 |
0 |
|
|a eng
|
| 102 |
|
|
|a RU
|
| 105 |
|
|
|a y z 100zy
|
| 135 |
|
|
|a drgn ---uucaa
|
| 181 |
|
0 |
|a i
|
| 182 |
|
0 |
|a b
|
| 200 |
1 |
|
|a Simulation of 2D point spread function dominated beam profile images based on backward transition radiation from the tilted target
|f L. G. Sukhikh, G. Kube, A. P. Potylitsyn
|
| 203 |
|
|
|a Текст
|c электронный
|
| 225 |
1 |
|
|a Transition Radiation
|
| 300 |
|
|
|a Title screen.
|
| 337 |
|
|
|a Adobe Reader
|
| 463 |
|
1 |
|0 (RuTPU)RU\TPU\conf\13451
|t RREPS-15. Radiation from Relativistic Electrons in Periodic Structures
|o XI International Symposium, 6-11 September 2015, Saint Petersburg, Russia
|f National Research Tomsk Polytechnic University (TPU) ; Saint Petersburg State University ; National Research Nuclear University “MEPhI”
|v [P. 87]
|d 2015
|
| 610 |
1 |
|
|a электронный ресурс
|
| 610 |
1 |
|
|a труды учёных ТПУ
|
| 610 |
1 |
|
|a моделирование
|
| 610 |
1 |
|
|a пучки
|
| 610 |
1 |
|
|a изображения
|
| 610 |
1 |
|
|a переходные излучения
|
| 610 |
1 |
|
|a ускорители
|
| 610 |
1 |
|
|a электроны
|
| 700 |
|
1 |
|a Sukhikh
|b L. G.
|c physicist
|c Professor of Tomsk Polytechnic University, Doctor of Sciences
|f 1984-
|g Leonid Grigorievich
|3 (RuTPU)RU\TPU\pers\31554
|9 15714
|
| 701 |
|
1 |
|a Kube
|b G.
|g Gero
|
| 701 |
|
1 |
|a Potylitsyn
|b A. P.
|c Russian physicist
|c Professor of the TPU
|f 1945-
|g Alexander Petrovich
|3 (RuTPU)RU\TPU\pers\26306
|9 12068
|
| 712 |
0 |
2 |
|a Национальный исследовательский Томский политехнический университет (ТПУ)
|b Физико-технический институт (ФТИ)
|b Кафедра прикладной физики (№ 12) (ПФ)
|3 (RuTPU)RU\TPU\col\18729
|
| 801 |
|
1 |
|a RU
|b 63413507
|c 20101016
|
| 801 |
|
2 |
|a RU
|b 63413507
|c 20210216
|g RCR
|
| 856 |
4 |
|
|u http://earchive.tpu.ru/handle/11683/22383
|
| 856 |
4 |
|
|u http://www.lib.tpu.ru/fulltext/c/2015/C64/058.pdf
|
| 942 |
|
|
|c BK
|